[Event "Steinfurt Bezirksliga 1516"]
[Site "Germany"]
[Date "2015.11.07"]
[Round "2.8"]
[White "Hoppe, Nico"]
[Black "Trotnow, Peter"]
[Result "1-0"]
[WhiteElo "1491"]
[BlackElo "1450"]
[PlyCount "37"]
[EventDate "2015.09.19"]
[EventType "team-tourn"]
[EventRounds "9"]
[EventCountry "GER"]
[SourceTitle "EXT 2017"]
[Source "ChessBase"]
[SourceDate "2016.10.25"]
[SourceVersion "1"]
[SourceVersionDate "2016.10.25"]
[SourceQuality "1"]
[WhiteTeam "Emsdetten Rochade IV"]
[BlackTeam "Reckenfeld"]
[WhiteTeamCountry "GER"]
[BlackTeamCountry "GER"]

1. e4 e5 2. Nf3 Nc6 3. Bc4 Bc5 4. Nc3 d6 5. d3 Nf6 6. Bg5 h6 7. Bh4 Bg4 8. Nd5 g5 9. Bg3 Nd4 10. h4 Nxd5 11. Bxd5 c6 12. Bb3 Qf6 13. hxg5 hxg5 14. Rxh8+ Qxh8 15. c3 Nxf3+ 16. gxf3 Qh1+ 17. Ke2 Qxd1+ 18. Bxd1 Bxf3+ 19. Kxf3 1-0